[Event "FRA-ch U18/20 Girls"]
[Site "Agen"]
[Date "2023.04.23"]
[Round "1"]
[White "Courjal, Pauline"]
[Black "Grandval, Elisa"]
[Result "1-0"]
[WhiteElo "1904"]
[BlackElo "1293"]
[PlyCount "89"]
[EventDate "2023.04.23"]
[EventType "swiss"]
[EventRounds "9"]
[EventCountry "FRA"]
[SourceTitle "CBM 214 Extra"]
[Source "ChessBase"]
[SourceDate "2023.07.31"]
[SourceVersion "1"]
[SourceVersionDate "2023.07.31"]
[SourceQuality "1"]

1. e4 e5 2. Nf3 Nc6 3. Bc4 Nf6 4. d3 Bc5 5. 0-0 0-0 6. Re1 h6 7. c3 Bb6 8. Nbd2 d6 9. Nf1 Ng4 10. Re2 Qf6 11. h3 Nxf2 12. Rxf2 Bxf2+ 13. Kxf2 Ne7 14. Kg1 Qg6 15. Kh2 Kh8 16. Ng3 f5 17. Nh4 Qh7 18. exf5 Nxf5 19. Qh5 Nxh4 20. Qxh4 Bd7 21. Be3 c6 22. Qe7 d5 23. Qxd7 dxc4 24. dxc4 Rad8 25. Qe7 Rfe8 26. Qxb7 Qd3 27. Re1 Qxc4 28. Nf5 Qg8 29. Qxc6 Qe6 30. Qxe6 Rxe6 31. c4 a6 32. c5 Rb8 33. Bd4 Rbe8 34. Bc3 Kh7 35. b4 Kg6 36. g4 Kf6 37. Rf1 Kg6 38. Nh4+ Kh7 39. a4 e4 40. Nf5 Rf8 41. Re1 Rf7 42. b5 axb5 43. axb5 h5 44. c6 hxg4 45. hxg4 1-0